000
00252nam a22001097a 4500
082
_a
512.13 MOD'Y
100
_a
YUSUF, S.M
_9
37388
245
_a
MODERN ALGEBRA AND TRIGNOMETRY
260
_a
LAHORE
_b
PAKISTAN BOOKS
_c
1968
300
_a
389P
942
_c
BK
999
_c
582272
_d
582272